000 00745cam a2200229 a 4500
001 2582163
005 20180202045353.0
008 961121s1997 nyua b 001 0 eng
010 _a 96051611
020 _a046507281X
040 _aDLC
_cDLC
_dDLC
041 _aeng
080 _a576.8 WIL
082 0 0 _a576.8 WIL
_221
100 1 _a9
101 _aMJE
245 1 4 _aThe pony fish's glow :
_cGeorge C. Williams.
504 _aIncludes bibliographical references (p. 168-179) and index.
906 _a7
_bcbc
_corignew
_d1
_eocip
_f19
_gy-gencatlg
942 _2ddc
_cBK
999 _c41620
_d41620